000 00557nam a2200181Ia 4500
003 GCL
008 140319s9999 xx 000 0 ara d
040 _aGCL /
_cGCL
082 0 4 _aم
_b810.3
_bع م
245 1 0 _aطرائف المصريين
260 _a[S.N] :
_bرياض الريس للكتب والنشر ،
_c1987
300 _a182 ص
490 _aدراسة فى ازمة الخليج
_v0
650 0 4 _aالادب العربى
650 0 4 _aالاهاجى والفكاهات
650 0 4 _aالادب العربى الهزلى
942 _2ddc
_cREF
999 _c59479
_d59479